| 000 | 00338nam a22001337a 4500 | ||
|---|---|---|---|
| 001 | 3988 | ||
| 003 | CDMR | ||
| 005 | 20171117094055.0 | ||
| 008 | 171117s2017||||||||||||||||||||||||||||d | ||
| 040 |
_bcat _cCDMR |
||
| 245 | 0 | _aAnuari estadÃstic de la ciutat de Barcelona | |
| 260 |
_aBarcelona _c2017 _bAjuntament de Barcelona |
||
| 942 |
_cMON _2udc |
||
| 999 |
_c3988 _d3988 |
||